Statistics for Motorway Service Areas of the United Kingdom

Click here to take the quiz!

General Stats

  • This quiz has been taken 122 times
    (99 since last reset)
  • The average score is 31 of 102

Answer Stats

CountryRoadAnswer% Correct
EnglandM1Leicester
65%
EnglandM4Reading
61%
EnglandM5Gloucester
59%
EnglandM25South Mimms
59%
EnglandM25 Cobham
58%
EnglandM5Exeter
58%
EnglandM6Stafford
58%
EnglandM1Leeds Skelton Lake
56%
EnglandM40Oxford
53%
EnglandM5Frankley
48%
EnglandM6Keele
48%
EnglandM5Taunton Deane
48%
EnglandM1Watford Gap
48%
EnglandM3Fleet
47%
EnglandM6Lancaster
47%
EnglandM4Leigh Delamere
47%
EnglandM5Strensham
47%
EnglandM25Thurrock
47%
EnglandM40Warwick
45%
EnglandM25Clacket Lane
44%
EnglandA14Cambridge
42%
EnglandM5Bridgwater
41%
WalesM4Magor
41%
EnglandM18Doncaster
39%
EnglandM6Knutsford
39%
EnglandM4Membury
39%
EnglandM6Tebay
39%
EnglandM3Winchester
39%
EnglandM5Gordano
38%
EnglandM1Northampton
38%
ScotlandM9Stirling
38%
ScotlandM74Gretna Green
36%
EnglandM27Rownhams
36%
EnglandM5Sedgemoor
36%
WalesM4Cardiff West
35%
EnglandM42Hopwood Park
35%
EnglandM1Newport Pagnell
35%
EnglandM6Sandbach
35%
WalesM4Cardiff Gate
33%
EnglandM56Chester
33%
EnglandM4Chieveley
33%
EnglandM5Cullompton
33%
EnglandM1Trowell
33%
EnglandM4Heston
32%
EnglandA1(M)Wetherby
32%
EnglandM1Woodall
32%
EnglandM6Burton in Kendal
30%
EnglandM20Maidstone
30%
EnglandM6Michaelwood
30%
EnglandA1(M)Peterborough
30%
EnglandM54Telford
30%
ScotlandM74Hamilton
29%
EnglandM1Leicester Forest
29%
EnglandM1London Gateway
29%
EnglandA1(M) Scotch Corner
29%
EnglandM40Beaconsfield
27%
EnglandM6Hilton Park
27%
EnglandM42Tamworth
27%
EnglandM1Tibshelf
27%
EnglandM1Woolley Edge
27%
ScotlandA74(M)Annandale Water
26%
EnglandM62Birch
26%
England M6Lymm
26%
ScotlandM74Abington
24%
EnglandM2Medway
24%
EnglandM23Pease Pottage
24%
EnglandM20Stop24
24%
EnglandM6Charnock Richard
23%
EnglandM62Ferrybridge
23%
EnglandA50Derby
21%
EnglandM48Severn View
21%
WalesM4Swansea West
21%
EnglandM1Toddington
21%
EnglandM6Corley
20%
ScotlandM8Heart of Scotland
20%
ScotlandM90Kinross
20%
EnglandM5Tiverton
20%
EnglandA1(M)Washington
20%
EnglandM11Birchanger Green
18%
ScotlandM74Bothwell
18%
EnglandM6TollNorton Canes
18%
WalesM4Pont Abraham
18%
EnglandA1(M)Blyth
17%
EnglandM1Donnington Park
17%
EnglandA1(M)Durham
17%
EnglandM6Killington Lake
17%
N.IrelandM1Lisburn
17%
EnglandM40Cherwell Valley
15%
WalesM4Sarn Park
15%
EnglandM62Burtonwood
12%
EnglandM6Southwaite
12%
EnglandM6Todhills
12%
EnglandM65Blackburn with Darwin
11%
EnglandM62Hartshead Moor
11%
EnglandM61Rivington
9%
N.IrelandM1Dungannon
6%
ScotlandM74Happenden
6%
N.IrelandM2Templepatrick
6%
EnglandA1(M)Baldock
5%
N.IrelandM1Cohannon
5%
N.IrelandA1Barbican
3%
EnglandA1Grantham North
3%

Score Distribution

Percentile by Number Answered

Percent of People with Each Score

Your Score History

You have not taken this quiz since the last reset